Os sete e a marca vermelha (Registo nº 1008)

Detalhes MARC
000 -Etiqueta do registo
Cabeçalho 00696nam0a2200277 i 4500
005 - Identificador da versão
Campo de controlo 20240822164915.0
010 ## - Número internacional normalizado dos livros (ISBN)
Número (ISBN) 9726119081
021 ## - Número do Depósito Legal
Código do país PT
Número M-44.676.
035 ## - Other System Control Numbers
System Control Number 0001056
System Control Number 0001056
100 ## - Dados gerais de processamento
Dados gerais de processamento 20091218d19492003a y0pory5003 ba
101 1# - Língua de publicação
Língua do texto, banda sonora, etc. Português
Língua do documento no original Inglês
102 ## - Pais de publicação ou produção
País de publicação Portugal
105 ## - Campo de dados codificados: livros
Dados codificados dos livros a z 001yy
106 ## - Campo de dados codificados: material textual
Dados codificados do material textual r
200 1# - Titulo e menção de responsabilidade
Título próprio Os sete e a marca vermelha
Primeira menção de responsabilidade Enid Blyton
Outras menções de responsabilidade trad. Jorge Pinheiro
205 ## - Menção da edição
Menção da edição 1ª ed.
210 ## - Publicação, Distribuição, etc. 
Lugar da edição, distribuição, etc. Lisboa
Nome do editor, distribuidor, etc. Edimpresa
Data da publicação, distribuição, etc. 2003
215 ## - Descrição física 
Indicação específica da natureza do documento e extensão da espécie 127 p,
Outras indicações físicas il.
Dimensões cm
225 2# - Colecção 
Título próprio da colecção O Clube dos Sete
Indicação de volume 3
304 ## - Notas relativas a título e menção de responsabilidade 
Texto da nota Tít. orig.: Well done secret seven
675 ## - Classificação Decimal Universal (CDU)
Notação 82-73
Edição BN
Língua da edição por
700 #1 - Nome de autor-pessoa física (responsabilidade principal)
Número de registo de entrada de autoridade 0001363
Palavra de ordem Blyton
Outra parte do nome não tomada para palavra de ordem Enid
942 ## - Elementos de entrada adicionados (Koha)
Tipo de item no Koha Livro
Exemplares
Situação do levantamento Origin of item (home branch) (coded) Biblioteca de empréstimo Código de barras Cota Circulation type (not for loan) Tipo de documento Nota do exemplar Damaged status
  Biblioteca Escolar Eng. Nuno Mergulhão Biblioteca Escolar Eng. Nuno Mergulhão BENM1763 8EST BLY   Livro Sem mensagem